• 首页
  • 本馆介绍
  • 公告通知
  • 最新文献
  • 馆藏检索
  • 电子资源
  • 读者导购
  • 参考咨询
  • 我的图书馆
  • 登录
  • 详细信息显示
  • 放入我的书架
  • 预约/预借图书
  • 作者相关作品
  • 分类相关作品
  • 丛书相关作品
  • 出版社相关作品

书目信息

  • 表格格式
  • 工作单格式
  • 卡片格式
题名:
文化与人性
    
 
作者: M.E.斯皮罗 ;徐俊
分册:  
出版信息: 北京   社会科学文献出版社  1999
页数:
开本:
丛书名:
单 册:
中图分类: G0
科图分类:
主题词: 文化理论
电子资源:
ISBN: 7-80149-164-5
000 00518nam0 2200181 450
001 0735257515
005 20070904094737.51
010    @a7-80149-164-5@d18.80
100    @a20070904d km y0chiy0120 ea
101 0  @achi
200 1  @a文化与人性@Awen hua yu ren xing@fM.E.斯皮罗@FM.E.si pi luo@g徐俊等@Gxu jun deng
210    @a北京@c社会科学文献出版社@d1999
606 0  @a文化理论
690    @aG0@v3
701  0 @aM.E.斯皮罗@AM.E.si pi luo
702  0 @a徐俊@Axu jun
801  0 @aCN@bPFT@c20070904
905    @a213230@dG0@ea4@f1
    
    文化与人性/M.E.斯皮罗/徐俊等.-北京:社会科学文献出版社,1999
    
    
    
    ISBN 7-80149-164-5:18.80
    
●
相关链接 在E读中查询图书 在五车中查询图书 在当当中查询图书 在豆瓣中查询图书


正题名:文化与人性     索取号:G0/a4         预约/预借

序号 登录号 条形码 馆藏地/架位号 状态 备注
1 7503287   275032876   密集书库-史法系/ [索取号:G0/a4] 在馆    
唐山师范学院图书馆 欢迎您!
大连网信软件有限公司© 版权所有